Development Co-operation Report 2017 Data for Development

Na minha lista:
Detalhes bibliográficos
Formato: Livro
Idioma:inglês
Publicado em: Paris OECD 2017
Colecção:Development Co-operation Report
Assuntos:
Tags: Adicionar Tag
Sem tags, seja o primeiro a adicionar uma tag!

MARC

LEADER 00000nam a2200000 4500
001 0242440
005 20240314122823.3
020 |a 978-92-64-27446-4 
041 0 |a eng 
044 |a FR 
245 1 0 |a Development Co-operation Report 2017  |b Data for Development 
264 1 |a Paris  |b OECD  |c 2017 
300 |a 317 s. 
490 1 |a Development Co-operation Report 
830 0 |a Development Co-operation Report 
610 2 0 |a pomoc medzinárodná 
610 2 0 |a spolupráca medzinárodná 
610 2 0 |a krajiny rozvojové 
610 2 0 |a pomoc finančná 
610 2 0 |a pomoc rozvojová 
610 2 0 |a pomoc zahraničná 
610 2 0 |a krajiny vyspelé 
610 2 0 |a geografia 
610 2 0 |a distribúcia 
610 2 0 |a dáta 
610 2 0 |a systémy štatistické 
610 2 0 |a údaje štatistické 
610 2 0 |a porovnanie štatistické medzinárodné